LEADERSHIP DIALOGUES: CONVERSATIONS AND ACTIVITIES FOR LEADERSHIP TEAMS (Record no. 215901)
[ view plain ]
| 000 -LEADER | |
|---|---|
| fixed length control field | 00628nam a22001817a 4500 |
| 008 - FIXED-LENGTH DATA ELEMENTS--GENERAL INFORMATION | |
| fixed length control field | 250716b |||||||| |||| 00| 0 eng d |
| 020 ## - INTERNATIONAL STANDARD BOOK NUMBER | |
| International Standard Book Number | 978-184590906-2 |
| 050 ## - LIBRARY OF CONGRESS CALL NUMBER | |
| Classification number | LB2805 .W47 2015 |
| 100 ## - MAIN ENTRY--PERSONAL NAME | |
| Personal name | WEST-BURNHAM, JOHN |
| 245 ## - TITLE STATEMENT | |
| Title | LEADERSHIP DIALOGUES: CONVERSATIONS AND ACTIVITIES FOR LEADERSHIP TEAMS |
| 260 ## - PUBLICATION, DISTRIBUTION, ETC. | |
| Place of publication, distribution, etc. | BANCYFELIN, CARMARTHEN, WALES, |
| Name of publisher, distributor, etc. | CROWN HOUSE PUBLISHING LIMITED, |
| Date of publication, distribution, etc. | 2015 |
| 300 ## - PHYSICAL DESCRIPTION | |
| Extent | 170P.:ILL |
| 500 ## - GENERAL NOTE | |
| General note | INCLUDES BIBLIOGRAPHICAL REFERENCES |
| 650 ## - SUBJECT ADDED ENTRY | |
| Topical term or geographic name entry element | 1. EDUCATIONAL LEADERSHIP 2. SCHOOL MANAGEMENT AND ORGANIZATION |
| 700 ## - ADDED ENTRY--PERSONAL NAME | |
| Personal name | HARRIS, DAVID |
| 942 ## - ADDED ENTRY ELEMENTS (KOHA) | |
| Source of classification or shelving scheme | Dewey Decimal Classification |
| Koha item type | Long Loan Book |
| Withdrawn status | Lost status | Source of classification or shelving scheme | Damaged status | Not for loan | Collection | Home library | Current library | Shelving location | Date acquired | Inventory number | Total checkouts | Full call number | Barcode | Date last seen | Copy number | Price effective from | Koha item type |
|---|---|---|---|---|---|---|---|---|---|---|---|---|---|---|---|---|---|
| Library of Congress Classification | Arts & Social Sciences | Kisii University Library | Kisii University Library | On Display | 07/16/2025 | 109199 | LB2805 .W47 2015 | 000000020181 | 07/16/2025 | 1 | 07/16/2025 | Long Loan Book | |||||
| Library of Congress Classification | Arts & Social Sciences | Kisii University Library | Kisii University Library | On Display | 07/16/2025 | 109200 | LB2805 .W47 2015 | 000000020288 | 07/16/2025 | 2 | 07/16/2025 | Long Loan Book | |||||
| Library of Congress Classification | Arts & Social Sciences | Kisii University Library | Kisii University Library | On Display | 07/16/2025 | 109201 | LB2805 .W47 2015 | 000000020287 | 07/16/2025 | 3 | 07/16/2025 | Long Loan Book | |||||
| Library of Congress Classification | Arts & Social Sciences | Kisii University Library | Kisii University Library | On Display | 07/16/2025 | 109202 | LB2805 .W47 2015 | 000000020286 | 07/16/2025 | 4 | 07/16/2025 | Long Loan Book |